Alla skelett för Amatomi - Statistics

General Stats
  • This quiz has been taken 12 times
  • The average score is 29 of 48
Answer Stats
Hint Answer % Correct
C1 Atlas
100%
C2 Axis
100%
Oscteocyt Bencell
100%
Sternum Bröstbenet
100%
Os Coxae Höftben
100%
Patella Knäskål
100%
Corpus Vertabrae Kotkropp
100%
Femur Lårben
100%
Humerus Överarmen
100%
Phalanx .... (vilka olika finns) Proximalis / Media / Distalis (fingrar och tår)
100%
Os ischii Sittbenet
100%
Ossa Digitorum Pedis Tåben
100%
Os ilium Tarmbenet
100%
C3->C9 Vertebrae Cervicales / Halskotor
100%
C10->C21 Vertebrae Thoracicae / Bröstkotor
100%
Ulna Armbågsbenet (lilla)
50%
Crista Benås
50%
Os Pubis Blygdbenet
50%
Ossa Digitorum manus Fingerbenen
50%
Collum Hals
50%
Ossa Carpi Handlovsbenet
50%
Caput Huvud
50%
Tuber Knöl
50%
Os Sacrum Korsbenet (sitter i korsryggen)
50%
Foramen Vertabrae Kothål
50%
Canalis Vertabrae Kotkanalen
50%
Corpus Kropp
50%
Tuberculum liten Knöl
50%
Ossa metatarsalia/ Metatarsus Mellanfotsben
50%
Ossa Metacarpi Mellanhandsbenet
50%
Clavicula Nyckelbenet
50%
Tibia Skenben (det stora)
50%
Tuberositas Skrovlighet
50%
Radius Strålbenet (stora)
50%
Os Coccygis Svansbenet / Svanskotan
50%
Spina Tagg
50%
Processus Sinpsus Taggutskott
50%
Ossa Tarsi/ Tarsus Tarsalben / Vrist / Bristen
50%
Processus Transversus Tvärutskott
50%
Processus Utskott
50%
Fibula Vadbenet (det lilla)
50%
C22->C26 Vertabrae Lumbares / Ländryggskotor
50%
Periost Bindväv
0%
Trochanter lårbenets vändknöl
0%
Condylus Ledutskott
0%
Epiphys Rörbenets ände
0%
Diaphysis Rörbenets skaft
0%
Scapula Skulderbladet
0%
No matching quizzes found
Score Distribution
Percent of People with Each Score
Percentile by Number Answered
Your Score History
You have not taken this quiz